Prevention of major industrial accidents

Bibliographic Details
Format: eBook
Language:English
Published: Geneva : International Labour Organization, represented by the International Labour Office (ILO), 1991
Subjects:
Online Access:http://www.vlex.com/source/11296

MARC

LEADER 00000nam a22000007a 4500
005 20130612180343.0
007 cr|||| ||||
008 130612e1991 sz |||||s|||| 00||0 eng d
020 |a 92-2-107101-4 
035 |a 11296 
040 |a vLex 
090 |c 4327  |d 4327 
245 0 0 |a Prevention of major industrial accidents  |h [Recurso electrn̤ico]  
256 |a Servicio en ln̕ea 
260 |a Geneva :  |b International Labour Organization, represented by the International Labour Office (ILO),   |c 1991 
300 |a 1 Recurso electrn̤ico 
506 |a Contenido solo disponible en los productos indicados  |d vLex Global  |d vLex Global (Academic Edition, excluding Law Schools)  |d vLex Global (U.S. Academic Edition, Law Schools)  |d vLex Global (U.S. Academic Edition, excluding Law Schools)  |d vLex Global (Academic Edition, Law Schools) 
650 |a Derecho laboral y Seguridad Social 
650 |a Seguridad y Salud Laboral 
740 |a vLex Libros (Servicio en ln̕ea) 
856 |a Acceso restringido  |u http://www.vlex.com/source/11296 
942 |c BOOK 
999 0 |a Labor laws and legislation